Sports Quiz

Random Sports Quiz
Score 0/129 Timer 15:00
2 Plays Today
% Correct
Washington
93.9%
Texas
92.7%
Oregon
92.7%
UCLA
92.7%
WSU
92.5%
Oregon State
92.4%
Cal
92.2%
USC
91.6%
Arizona
91.2%
ASU
91.2%
Boise State
91%
New Mexico
91%
CU
91%
LSU
91%
Florida
90.8%
Michigan State
90.6%
Utah
90.6%
Michigan
90.4%
Miami (FL)
90.4%
Oklahoma
90.4%
Miami (OH)
90.4%
CSU
90.4%
Minnesota
90.2%
FSU
90.2%
Ok State
90.2%
NMSU
90.2%
Wisconsin
89.8%
Iowa
89.8%
Hawaii
89.8%
Nebraska
89.4%
Wyoming
89.4%
Nevada
89.4%
Georgia
89.4%
Alabama
89.4%
Utah State
89.2%
Stanford
89.2%
Iowa State
89%
Kansas
89%
UNLV
89%
UNC
88.8%
Texas Tech
88.6%
BYU
88.6%
KSU
88.4%
% Correct
Ohio
88.4%
Houston
88.2%
Tenn
88.2%
Penn State
88%
South Carolina
87.8%
Virginia
87.6%
Mizzou
87.6%
Kent St
87.5%
Ole Miss
87.5%
UTEP
87.3%
Arkansas
87.1%
Illinois
86.9%
Clemson
86.9%
Air Force
86.9%
Ga Tech
86.7%
SDSU
86.7%
Ohio State
86.5%
VT
86.5%
UCF
86.1%
Miss State
85.7%
Maryland
85.5%
WMU
85.5%
Kentucky
85.5%
TAMU
85.5%
Auburn
85.5%
EMU
85.1%
Pitt
84.9%
WVU
84.9%
Conn
84.5%
Baylor
84.5%
USF
84.3%
Indiana
84.1%
Navy
84.1%
TCU
83.7%
Army
83.7%
Rutgers
83.3%
SJSU
83.3%
BC
83.1%
Duke
83.1%
Mass
83.1%
Syracuse
82.9%
Tulane
82.7%
Notre Dame
82.7%
% Correct
Fresno State
82.7%
Arkansas St
82.7%
CMU
82.5%
Buffalo
82.4%
Purdue
82.2%
NCSU
82.2%
Tulsa
82.2%
FIU
82.2%
Georgia State
82%
North Texas
81.2%
FAU
81%
Texas State
81%
Northwestern
80.8%
Louisville
79.8%
Rice
79.8%
SMU
79%
Memphis
78.8%
UTSA
78.8%
WKU
76.7%
Vanderbilt
76.1%
Temple
75.5%
Toledo
75.3%
NIU
75.3%
Akron
74.7%
Ga Southern
74.7%
Southern Miss
74.5%
Wake Forest
74.3%
South Alabama
74.1%
Troy
73.7%
East Carolina
72.5%
La Tech
72.2%
Marshall
72%
Cincinnati
71.8%
Ball State
70.6%
BGSU
70.4%
UAB
65.3%
App State
63.5%
Old Dominion
63.3%
MTSU
63.1%
ULM
62%
Coastal Carolina
61.8%
ULL
61.2%
Charlotte
59%
Remove Ads.
Support Sporcle.
Get the best of Sporcle when you Go Orange. This ad-free experience offers more features, more stats, and more fun while also helping to support Sporcle. Thank you for becoming a member.

You're not logged in!

Compare scores with friends on all Sporcle quizzes.
OR
Log In

Show Comments

Extras

Created Sep 18, 2017ReportNominate
Tags:College Football, map

Top Quizzes Today


Score Distribution

Your Account Isn't Verified!

In order to create a playlist on Sporcle, you need to verify the email address you used during registration. Go to your Sporcle Settings to finish the process.

Report this User

Report this user for behavior that violates our Community Guidelines.

Details: